Химические и биологические сенсоры: [учебное пособие]; пер. с англ.

Dades bibliogràfiques
Autor principal: Эггинс Б.
Sumari:Первое учебное пособие в новой области на стыке аналитической химии, электроники, физики и медицины. Особенно подробно описаны электрохимические, оптические, гравиметрические, температурные сенсоры, распознавание ионов и молекул, «лаборатории-на-чипе». Для студентов и специалистов в областях медицинских и биотехнологий, пищевой промышленности и контроля окружающей среды, микробиологов, специалистов, разрабатывающих и применяющих микроаналитические системы.
Idioma:rus
Publicat: Москва, Техносфера, 2005
Col·lecció:Мир электроники 7-08
Matèries:
Format: Llibre
KOHA link:https://koha.lib.tpu.ru/cgi-bin/koha/opac-detail.pl?biblionumber=117215

MARC

LEADER 00000nam0a2200000 4500
001 117215
005 20231101215402.0
010 |a 5948360458 
035 |a (RuTPU)RU\TPU\book\126865 
090 |a 117215 
100 |a 20070531d2005 m y0rusy50 ca 
101 1 |a rus  |c eng 
102 |a RU 
105 |a a j 001zy 
200 1 |a Химические и биологические сенсоры  |e [учебное пособие]  |e пер. с англ.  |f Б. Эггинс 
210 |a Москва  |c Техносфера  |d 2005 
215 |a 336 с.  |c ил. 
225 1 |a Мир электроники  |v 7-08 
320 |a Библиография: с. 333-335. 
330 |a Первое учебное пособие в новой области на стыке аналитической химии, электроники, физики и медицины. Особенно подробно описаны электрохимические, оптические, гравиметрические, температурные сенсоры, распознавание ионов и молекул, «лаборатории-на-чипе». Для студентов и специалистов в областях медицинских и биотехнологий, пищевой промышленности и контроля окружающей среды, микробиологов, специалистов, разрабатывающих и применяющих микроаналитические системы. 
606 1 |a Сенсоры химические  |2 stltpush  |3 (RuTPU)RU\TPU\subj\73414  |9 86438 
610 1 |a биологические сенсоры 
610 1 |a трансдьюсеры 
610 1 |a распознающие элементы 
610 1 |a аналитические характеристики 
610 1 |a электрохимические сенсоры 
610 1 |a оптические сенсоры 
610 1 |a биосенсоры 
610 1 |a гравиметрические сенсоры 
610 1 |a термометрические сенсоры 
675 |a 543.07(075.8)  |v 3 
700 1 |a Эггинс  |b Б. 
801 1 |a RU  |b 63413507  |c 20070531  |g PSBO 
801 2 |a RU  |b 63413507  |c 20150521  |g PSBO 
942 |c BK 
959 |a 46/20070529  |d 2  |e 225,00  |f АНЛ:1  |f ЧЗТЛ:1